000 00838nam a22002897a 4500
001 BR2015005998
003 BR-BrBNA
005 20230928104738.0
007 ta
008 230509b bl.||||| |||| 00| 0 por d
040 _aBR-BrBNA
_bpor
_cBiblioteca Nacional de Agricultura
041 _a(Por)
072 _aD50
090 _ D50 BR2015005998
100 1 _aOliveira, R.C. de
100 1 _aMarques, T.R.
110 1 _aEmpresa Brasileira de Pesquisa Agropecuária, Brasília, DF (Brasil)
_0
245 1 _aPatentes de invenção e a Embrapa: dúvidas frequentes, esclarecimentos sobre leis e normas
250 1 _a1. ed.
260 3 _aBrasília, DF (Brasil):
_c2014.
300 _a20 p.
500 _a8 ref.; 3 illus
650 _aPATENTE
650 _aLEGISLAÇÃO
909 _a202309
_bLucia
_c55
_dLucia Elande
942 _cBK
999 _c81531
_d81531